Cost Accounting : (Record no. 5263)
[ view plain ]
| 000 -LEADER | |
|---|---|
| fixed length control field | 00520cam a2200205ua 4500 |
| 001 - CONTROL NUMBER | |
| control field | 6116 |
| 005 - DATE AND TIME OF LATEST TRANSACTION | |
| control field | 20260515114002.0 |
| 008 - FIXED-LENGTH DATA ELEMENTS--GENERAL INFORMATION | |
| fixed length control field | 131119n ii |||gr||||Z||||||eng |
| 020 ## - INTERNATIONAL STANDARD BOOK NUMBER | |
| International Standard Book Number | 81-87504-02-1 |
| 040 ## - CATALOGING SOURCE | |
| Transcribing agency | MAIN |
| 082 ## - DEWEY DECIMAL CLASSIFICATION NUMBER | |
| Classification number | 657.42 |
| 245 ## - TITLE STATEMENT | |
| Title | Cost Accounting : |
| Remainder of title | Methods And Problems / |
| Statement of responsibility, etc. | By B.K. Bhar . |
| 250 ## - EDITION STATEMENT | |
| Edition statement | 13th ed. |
| 260 ## - PUBLICATION, DISTRIBUTION, ETC. | |
| Place of publication, distribution, etc. | Calcutta: |
| Name of publisher, distributor, etc. | Academic Publishers, |
| Date of publication, distribution, etc. | 1999. |
| 300 ## - PHYSICAL DESCRIPTION | |
| Extent | xix,23.10. |
| 653 ## - INDEX TERM--UNCONTROLLED | |
| Uncontrolled term | Commerce |
| 653 ## - INDEX TERM--UNCONTROLLED | |
| Uncontrolled term | Cost Accounting |
| 700 ## - ADDED ENTRY--PERSONAL NAME | |
| Personal name | Bhar,B.K., |
| Relator term | Author. |
| 942 ## - ADDED ENTRY ELEMENTS (KOHA) | |
| Koha item type | Books |
| Withdrawn status | Lost status | Damaged status | Not for loan | Home library | Current library | Shelving location | Date acquired | Total checkouts | Full call number | Barcode | Date last seen | Copy number | Price effective from | Koha item type |
|---|---|---|---|---|---|---|---|---|---|---|---|---|---|---|
| Naharkatiya College Library | Naharkatiya College Library | General stacks | 09/19/2020 | 657.42 | BHA | 13956 | 09/19/2020 | 1 | 09/19/2020 | Books |